Chemical reactor theory (Record no. 7708)

000 -LEADER
fixed length control field 00575nam a2200205 4500
001 - CONTROL NUMBER
control field 7708
003 - CONTROL NUMBER IDENTIFIER
control field BD-DhUET
008 - FIXED-LENGTH DATA ELEMENTS--GENERAL INFORMATION
fixed length control field 710112s1971 enka b 001 0 eng
020 ## - INTERNATIONAL STANDARD BOOK NUMBER
International Standard Book Number 052120156X
040 ## - CATALOGING SOURCE
Original cataloging agency DLC
Transcribing agency DLC
Modifying agency BD-DhUET
082 00 - DEWEY DECIMAL CLASSIFICATION NUMBER
Classification number 541.393
Item number DEN/1972
100 ## - MAIN ENTRY--PERSONAL NAME
Personal name Denbigh, K. G.
245 10 - TITLE STATEMENT
Title Chemical reactor theory
Remainder of title an introduction
Statement of responsibility, etc. by K. G. Denbigh and J. C. R. Turner
250 ## - EDITION STATEMENT
Edition statement 2d ed.
260 ## - PUBLICATION, DISTRIBUTION, ETC. (IMPRINT)
Place of publication, distribution, etc. London
Name of publisher, distributor, etc. Cabrige University Press
Date of publication, distribution, etc. 1972
300 ## - PHYSICAL DESCRIPTION
Extent ix, 224 p.
Other physical details illus.
Dimensions 22 cm.
650 #0 - SUBJECT ADDED ENTRY--TOPICAL TERM
Topical term or geographic name as entry element Reaction chemistry
700 1# - ADDED ENTRY--PERSONAL NAME
Personal name Turner, J. C. R.
942 ## - ADDED ENTRY ELEMENTS (KOHA)
Koha item type General Book
Holdings
Location (home branch) Shelving location Damaged status Koha full call number Lost status Sublocation or collection (holding branch) Not for loan Piece designation (barcode) Koha normalized classification for sorting Date acquired Copy number Koha item type Price effective from Withdrawn status Koha date last seen Source of classification or shelving scheme
Central Library, BUETCirculation section 541.393/DEN/1972 Central Library, BUET 47647541_393000000000000_DEN_19722014-12-111General Book2014-12-11 2014-12-11 
Central Library, BUETCirculation section 541.393/DEN/1972 Central Library, BUET 56557541_393000000000000_DEN_19722014-12-112General Book2014-12-11 2014-12-11